000 00814cam a2200217 4500
001 ABS63985
008 000000n2001 000 0 eng u
035 _a(Sirsi) u112707
100 _aImber, A.
245 4 _aThe APC:final assessment submission
260 _c2001
490 _aCSM
_bChartered Surveyor Monthly
_vMay 2001, 28(1)
520 _aAdvises APC candidates on how to submit good quality final assessment submissions. For further information, send a 19p or 27p SAE to APC Notes (CSM Final Submissions) C/O 1 Green Meadow, Pedmore, West Midlands, DY9 0XY. Please give details of division and date of final assessment.
590 _aABS
650 _aAPC
_96216
650 _aAPC
_96216
650 _aPROFESSIONAL ETHICS
650 _aFINAL SUBMISSION
690 _aEDUCATION-APC
942 _n0
999 _c67098
_d67098